000 00426nam a2200169Ia 4500
001 10854
003 IN-NITTTR
005 20251114233101.0
008 251113s9999||||xx |||||||||||||| ||eng||
040 _beng
040 _cIN-NITTTR
041 _aeng
082 _a005.1 H27C
100 _aHasan, M. M.
245 0 _aComputer programming for engineers :
_b digital and analog computation /
_cHasan, M. M.
942 _2ddc
_cBK
999 _c13490
_d13490